000 00637nam a2200205 i 4500
001 46724
003 ES-MaACL
005 20230906161433.0
007 t|
008 030331s1945 sp ||||1| spa d
100 1 _aCónill Montobbio, Víctor.
_940183
245 1 0 _aEmbarazo ectópico /
_cVíctor Cónill Montobbio.
250 _a2ª ed.
260 _aBarcelona, etc. :
_bSalvat,
_c1945 (
_fImp. Hispano Americana)
300 _a125 p., 4 lám. col. :
_bil. ;
_c23 cm.
490 1 _aManuales de medicina práctica
830 0 _aManuales de medicina práctica
_9181070
852 _aES-MaACL
_jD-7576
_bR.28908
999 _c46724
_d46724